000 00360nam a2200133Ia 4500
008 100328s9999 xx 000 0 und d
082 _b39610
100 _aदिघे प्रभाकर
245 _aजनावर
260 _bफॉरवड पब्लिकेशन
630 _aजनावर
730 _aजनावर
942 _cBOOK
999 _c528519
_d528516